| 000 | 00738nam a2200229 a 4500 | ||
|---|---|---|---|
| 001 | 000023804 | ||
| 005 | 20200930022458.0 | ||
| 008 | 110113s1966 sp a r 000 | spa d | ||
| 040 |
_aDO-SdBNP _bspa _cBNPHU |
||
| 041 |
_aeng _hfre _2Código de idioma MARC |
||
| 082 |
_axxx _bW323e |
||
| 100 | 1 |
_aWassilieff, Boris _948998 |
|
| 240 | 1 | 0 |
_aEmboutissage _lespañol |
| 245 | 1 | 0 |
_aEmbutición / _cBoris Wassilieff; traducción de Enrique Añaños Domingo. |
| 260 |
_aBarcelona : _bHispano Europea, _c1966. |
||
| 300 |
_a104 p. : _ail. ; _c21 cm. |
||
| 490 | 1 | _aBiblioteca Técnica | |
| 534 |
_aTítulo original : _tEmboutissage |
||
| 700 | 1 |
_aAñaños Domingo, Enrique _btr. _948999 |
|
| 830 | 0 |
_aBiblioteca Técnica _949000 |
|
| 049 | _aBNGR | ||
| 999 |
_c23300 _d23300 |
||